000
00289nam a22001337a 4500
008
170810b xxu||||| |||| 00| 0 eng d
020
_a
3540165975
041
_a
ger
080
_a
004
100
_a
35
101
_a
SHK
245
_a
DIGITALE REGEL-SYSTEME
_c
ISERMANN,R
942
_2
udc
_c
BK
999
_c
23082
_d
23082